000
00283nam a22001217a 4500
008
170310b xxu||||| |||| 00| 0 eng d
041
_a
eng
080
_a
616.073
100
_a
7
101
_a
SHM
245
_a
RHEUMATIC DISEASE CLINICS OF NORTH AMERICA
_c
STONE .J.H
942
_2
udc
_c
BK
999
_c
7440
_d
7440